[Event "Muensterland Verbandsklasse-B 1213"]
[Site "Germany"]
[Date "2013.04.20"]
[Round "8.7"]
[White "Hemmers, Dieter"]
[Black "Gemsa, Michael"]
[Result "1/2-1/2"]
[WhiteElo "1788"]
[BlackElo "1447"]
[PlyCount "44"]
[EventDate "2012.09.15"]
[EventType "team-tourn"]
[EventRounds "9"]
[EventCountry "GER"]
[SourceTitle "EXT 2015"]
[Source "ChessBase"]
[SourceDate "2014.11.20"]
[SourceVersion "1"]
[SourceVersionDate "2014.11.20"]
[SourceQuality "1"]
[WhiteTeam "Emsdetten Rochade"]
[BlackTeam "Gescher"]
[WhiteTeamCountry "GER"]
[BlackTeamCountry "GER"]

1. e4 g6 2. d4 Bg7 3. Nc3 c6 4. Nf3 d5 5. exd5 cxd5 6. Bb5+ Bd7 7. Bxd7+ Qxd7 8. Ne5 Qd8 9. 0-0 Nf6 10. Be3 Nbd7 11. f4 Nb6 12. Qd3 0-0 13. f5 Nc4 14. fxg6 hxg6 15. Nxc4 dxc4 16. Qe2 Nd5 17. Nxd5 Qxd5 18. c3 a5 19. Bf4 e6 20. Rae1 a4 21. a3 Ra5 22. Rf3 Rb5 1/2-1/2

[Event "Muensterland Verbandsklasse-B 1213"]
[Site "Germany"]
[Date "2012.11.17"]
[Round "3.8"]
[White "Gemsa, Michael"]
[Black "Voigtlaender, Wolfgang"]
[Result "0-1"]
[WhiteElo "1447"]
[BlackElo "1635"]
[PlyCount "108"]
[EventDate "2012.09.15"]
[EventType "team-tourn"]
[EventRounds "9"]
[EventCountry "GER"]
[SourceTitle "EXT 2015"]
[Source "ChessBase"]
[SourceDate "2014.11.20"]
[SourceVersion "1"]
[SourceVersionDate "2014.11.20"]
[SourceQuality "1"]
[WhiteTeam "Gescher"]
[BlackTeam "Telgte"]
[WhiteTeamCountry "GER"]
[BlackTeamCountry "GER"]

1. Nf3 d5 2. c4 d4 3. b4 Nf6 4. Bb2 c5 5. bxc5 Nc6 6. e3 e5 7. exd4 exd4 8. d3 Bxc5 9. a3 0-0 10. Be2 Bf5 11. 0-0 Rb8 12. Qc2 h6 13. Nbd2 a6 14. Nb3 b6 15. Nxc5 bxc5 16. Bc1 Re8 17. Bf4 Rb7 18. Rfb1 Rbe7 19. Bf1 Bg4 20. Qa4 Bxf3 21. gxf3 Qc8 22. Bd6 Rb7 23. Qxa6 Rxb1 24. Qxc8 Rxf1+ 25. Kxf1 Rxc8 26. Bxc5 Ne5 27. Bxd4 Nxd3 28. Rd1 Nf4 29. c5 Ne6 30. Be3 Rc6 31. Rd6 Rc8 32. Rd1 Kf8 33. a4 Ke7 34. Rb1 Nxc5 35. Rc1 Kd6 36. a5 Nfd7 37. Rd1+ Kc6 38. Rc1 Kb5 39. Ra1 Ra8 40. Bd2 Nb3 41. Rb1 Kc4 42. Rd1 Nxd2+ 43. Rxd2 Nc5 44. Re2 Ra7 45. Ra2 Kb4 46. Kg2 Kb3 47. Re2 Kb4 48. Ra2 Na4 49. Ra1 Rxa5 50. Rb1+ Kc4 51. f4 Rf5 52. Kf3 g5 53. Ke3 Rxf4 54. h3 Rh4 0-1